|
|
|
|
| LEADER |
00000cas a2200000 a 4500 |
| 001 |
vtls008884193 |
| 003 |
SK-MaSNL |
| 005 |
20260228162235.0 |
| 008 |
151120d19942000xo er|p 0 0 b0slo c |
| 035 |
|
|
|a (SVKBB03)vtls000145021
|
| 040 |
|
|
|a SVKBB
|b slo
|c SVKBB
|d SNK
|e AACR2
|
| 041 |
0 |
|
|a slo
|
| 044 |
|
|
|a xo
|c SK
|
| 072 |
|
7 |
|a 658
|x Riadenie a správa podniku
|2 konspekt
|
| 080 |
|
|
|a 658.114
|2 2001
|
| 080 |
|
|
|a 050
|2 2001
|
| 245 |
0 |
0 |
|a Slovenský podnikateľ
|b regionálny týždenník podnikateľov Novohradu, Hontu a Gemera
|
| 260 |
|
|
|a Veľký Krtíš
|b Erpress
|c 1994-[2000]
|
| 260 |
3 |
|
|3 3/1994-[2000]
|a Lučenec
|b Erpress
|
| 300 |
|
|
|a 7 zv.
|c 33-35 cm
|
| 310 |
|
|
|a 1x za 2 týždne
|b 3-4/1997-[2000]
|
| 321 |
|
|
|a 1x týždenne
|b 1/1994-2/1997
|
| 362 |
0 |
|
|a Roč. 1, č. 1 (1994)-[2000]
|
| 500 |
|
|
|a Podnázov sa mení
|
| 500 |
|
|
|a Šéfredaktor: Eva Stieranková
|
| 500 |
|
|
|a Reg číslo: MK SR 1011/94
|
| 500 |
|
|
|a Od r. 1995 rozmer zv. 33 cm
|
| 650 |
0 |
7 |
|a podnikanie
|2 SNKPH
|9 1757
|
| 650 |
0 |
7 |
|a podnikatelia
|2 SNKPH
|9 1756
|
| 655 |
|
7 |
|a špecializované časopisy
|2 SNKPH
|9 70509
|
| 700 |
1 |
|
|a Stieranková, Eva
|4 pbd
|9 270631
|
| 910 |
|
|
|a snk
|
| 916 |
|
|
|a 1994-1999
|
| 958 |
|
|
|a OND
|
| 999 |
|
|
|c 7249
|d 9179
|
| 952 |
|
|
|0 0
|1 0
|4 0
|7 0
|a SNK
|b SNK
|d 2015-06-23
|i snkČSP 1124/98
|l 0
|o snkČSA 1301/2/1995 D1
|p 17A1144934
|r 2026-02-21 19:34:27
|t č. 1-48
|w 2026-02-21
|y PREZ
|
| 952 |
|
|
|0 0
|1 0
|4 0
|7 0
|a SNK
|b SNK
|d 2015-06-23
|i snkČSP 1122/98
|l 0
|o snkČSA 1301/3/1996 D1
|p 17A1144935
|r 2026-02-21 19:34:27
|t č. 1-48, neúpl.
|w 2026-02-21
|y PREZ
|z chýba č. 40
|
| 952 |
|
|
|0 0
|1 0
|4 0
|7 0
|a SNK
|b SNK
|d 2015-06-22
|f 1
|i snkČSP 220/98
|l 0
|o snkČSA 1301/1/1994
|p 17A0830276
|r 2026-02-21 19:34:29
|t č. 1-30
|w 2026-02-21
|y PREZ
|
| 952 |
|
|
|0 0
|1 0
|4 0
|7 0
|a SNK
|b SNK
|d 2015-06-22
|f 1
|i snkČSP 1123/98
|l 0
|o snkČSA 1301/2/1995
|p 17A0830277
|r 2026-02-21 19:34:29
|t č. 1-48
|w 2026-02-21
|y PREZ
|
| 952 |
|
|
|0 0
|1 0
|4 0
|7 0
|a SNK
|b SNK
|d 2015-06-22
|f 1
|i snkČSP 1121/98
|l 0
|o snkČSA 1301/3/1996
|p 17A0830278
|r 2026-02-21 19:34:29
|t č. 1-48, neúpl.
|w 2026-02-21
|y PREZ
|z chýba č. 40
|
| 952 |
|
|
|0 0
|1 0
|4 0
|7 0
|a SNK
|b SNK
|d 2015-06-23
|f 1
|i snkČSP 1466/2004
|l 0
|o snkČSA 1301/4/1997
|p 17A1144931
|r 2026-02-21 21:46:36
|t č. 1-50
|w 2026-02-21
|y PREZ
|
| 952 |
|
|
|0 0
|1 0
|4 0
|7 0
|a SNK
|b SNK
|d 2015-06-23
|i snkČSP 1467/2004
|l 0
|o snkČSA 1301/4/1997 D1
|p 17A1144932
|r 2026-02-21 21:46:36
|t č. 1-50
|w 2026-02-21
|y PREZ
|
| 952 |
|
|
|0 0
|1 0
|4 0
|7 0
|a SNK
|b SNK
|d 2015-06-23
|f 1
|i snkČSP 1468/2004
|l 0
|o snkČSA 1301/5/1998
|p 17A0830196
|r 2026-02-21 21:46:36
|t č. 1-46
|w 2026-02-21
|y PREZ
|
| 952 |
|
|
|0 0
|1 0
|4 0
|7 0
|a SNK
|b SNK
|d 2015-06-23
|f 1
|i snkČSP 1470/2004
|l 0
|o snkČSA 1301/6/1999
|p 17A0830197
|r 2026-02-21 21:46:36
|t č. 1-24, neúpl.
|w 2026-02-21
|y PREZ
|z chýbajú č. 13-14, 21-22
|
| 952 |
|
|
|0 0
|1 0
|4 0
|7 0
|a SNK
|b SNK
|d 2015-06-23
|i snkČSP 1471/2004
|l 0
|o snkČSA 1301/6/1999 D1
|p 17A1144933
|r 2026-02-21 21:46:36
|t č. 1-24, neúpl.
|w 2026-02-21
|y PREZ
|z chýbajú č. 13-14, 21-22
|